| 000 | 00656nam a2200193 i 4500 | ||
|---|---|---|---|
| 001 | 124332 | ||
| 003 | ES-MaACL | ||
| 005 | 20230906192355.0 | ||
| 007 | t| | ||
| 008 | 070530s1957 sp ||||1| spa d | ||
| 080 | _a821.133.1-25"19" | ||
| 100 | 1 |
_aBernanos, Georges. _928225 |
|
| 245 | 1 | 0 |
_aDialogues des Carmelites _b: opéra en trois actes et 12 tableux / _cmusique de Francis Poulenc ; texte de la pièce de Georges Bernanos. |
| 260 |
_aParis : _bRicordi & C. Milano, _ccop. 1957. |
||
| 300 |
_a55 p. ; _c15 cm. |
||
| 500 | _aBiblioteca Jacinto Martínez Lacalle. | ||
| 700 | 1 |
_aPoulenc, Francis. _993439 |
|
| 852 |
_aES-MaACL _j2231-F-3 _bR.142447 |
||
| 999 |
_c124332 _d124332 |
||